000 01319cam a22001934a 4500
005 20250605164038.0
008 250528s ||||||||||||||||||||||||d
035 _a16894
020 _a960405497
040 _aGR-AtMCL
_bgre
_dGR-AtMCL
_eAACR2
245 1 _aΑνακύκλωση Υλικών / Πλαστικά: Τεύχος Ι
260 _bΊων,
_c1994
300 _a124
520 _aΕισαγωγή, Παραγωγή και Κατανάλωση Πλαστικών, Οικολογικές Επιπτώσεις από τα Πλαστικά Απορρίματα, Βασικά Προβλήματα στην Ανακύκλωση Πλαστικών, Συλλογή Πλαστικών Απορριμάτων, Βελτίωση των Ιδιοτήτων Ανακυκλωμένων Πλαστικών με Επανασταθεροποίηση, Τεχνολογίες Επεξεργασίας και Ανακύκλωσης Πλαστικών, Ενεργειακή Αξιοποίηση των Πλαστικών, Μέθοδοι Ανάκτησης των Πλαστικών, Διαχωρισμός Πλαστικών από τα Απορρίματα, Περιεχόμενα, Βιβλιογραφία.
700 1 _aΣκορδιλής Αδαμάντιος
_92986
942 _cBK
999 _c2344
_d2344